Planning permission (Record no. 116264)

MARC details
000 -LEADER
fixed length control field 01011cam a22002055a 4500
001 - CONTROL NUMBER
control field L160182
008 - FIXED-LENGTH DATA ELEMENTS--GENERAL INFORMATION
fixed length control field 181018s2016 xxk f 000 0 eng d
020 ## - INTERNATIONAL STANDARD BOOK NUMBER
International Standard Book Number 9781780434919
035 ## - SYSTEM CONTROL NUMBER
System control number (Sirsi) u160182
041 0# - LANGUAGE CODE
Language code of text/sound track or separate title eng
050 04 - LIBRARY OF CONGRESS CALL NUMBER
Classification number 711.4
100 1# - MAIN ENTRY--PERSONAL NAME
Personal name Harwood, Richard
245 00 - TITLE STATEMENT
Title Planning permission
260 ## - PUBLICATION, DISTRIBUTION, ETC.
Place of publication, distribution, etc. Haywards Heath
Name of publisher, distributor, etc. Bloomsbury Professional
Date of publication, distribution, etc. 2016
300 ## - PHYSICAL DESCRIPTION
Extent xcvii, 1145p 25cm
520 ## - SUMMARY, ETC.
Summary, etc. Provides an outline of the planning system in England and Wales, defines the meaning of development and the material change of use of land process. Looks at the need for planning permission, permitted development rights, planning applications and environmental impact assessments, determining planning applications, material considerations and policy, planning conditions and obligations and call-ins and the role of Ministers in the process. Concludes with a review of planning appeal process.
651 #4 - SUBJECT ADDED ENTRY--GEOGRAPHIC NAME
Geographic name ENGLAND AND WALES
690 ## - LOCAL SUBJECT ADDED ENTRY--TOPICAL TERM (OCLC, RLIN)
Topical term or geographic name as entry element Planning and development
9 (RLIN) 6259
942 ## - ADDED ENTRY ELEMENTS (KOHA)
Suppress in OPAC 0
Holdings
Withdrawn status Lost status Source of classification or shelving scheme Damaged status Not for loan Home library Current library Shelving location Date acquired Total Checkouts Full call number Barcode Date last seen Copy number Price effective from Koha item type
    Dewey Decimal Classification     London London Books 18/10/2018   711.4 HAR 30079709 06/08/2019 1 06/08/2019 Book